Innovative approaches to determine corporate value creation Michael E. Porter's shared value concept and Jed Emerson's blended value theory as new promising business models
Salvato in:
| Autore principale: | |
|---|---|
| Natura: | Libro |
| Lingua: | inglese |
| Pubblicazione: |
Saarbrücken
AV Akademikerverlag
2013
|
| Serie: | Social sciences series
|
| Soggetti: | |
| Tags: |
Nessun Tag, puoi essere il primo ad aggiungerne!!
|
MARC
| LEADER | 00000nam a2200000 4500 | ||
|---|---|---|---|
| 001 | 0210130 | ||
| 005 | 20240314085757.5 | ||
| 020 | |a 978-3-639-49352-8 | ||
| 041 | 0 | |a eng | |
| 044 | |a DE | ||
| 245 | 1 | 0 | |a Innovative approaches to determine corporate value creation |b Michael E. Porter's shared value concept and Jed Emerson's blended value theory as new promising business models |c Sonja Kinderman |
| 264 | 1 | |a Saarbrücken |b AV Akademikerverlag |c 2013 | |
| 300 | |a 59 s. | ||
| 490 | 1 | |a Social sciences series | |
| 830 | 0 | |a Social sciences series | |
| 610 | 2 | 0 | |a hodnota podniku |
| 610 | 2 | 0 | |a koncepcie |
| 610 | 2 | 0 | |a teória hodnoty |
| 610 | 2 | 0 | |a modely podniku |
| 610 | 2 | 0 | |a akcionári |
| 610 | 2 | 0 | |a produkty |
| 610 | 2 | 0 | |a trh |
| 610 | 2 | 0 | |a štúdie prípadové |
| 610 | 2 | 0 | |a investovanie |
| 610 | 2 | 0 | |a prognózy |
| 100 | 1 | |a Kindermann, Sonja | |